Undergraduate commutative algebra /
Guardado en:
| Autor Principal: | |
|---|---|
| Formato: | Libro |
| Idioma: | English |
| Publicado: |
Cambridge :
Cambridge University Press,
1995.
|
| Series: | London Mathematical Society student texts ;
29 |
| Acceso en línea: | Publisher description |
| Etiquetas: |
Agregar Etiqueta
Sin Etiquetas, Sea el primero en etiquetar este registro!
|
| LEADER | 01084cam a2200241 a 4500 | ||
|---|---|---|---|
| 001 | MAT.inmabb002530 | ||
| 008 | 940615s1995####enka#####b####001#0#eng## | ||
| 005 | 20130225103855.0 | ||
| 245 | 1 | 0 | |a Undergraduate commutative algebra / |c Miles Reid. |
| 260 | |a Cambridge : |b Cambridge University Press, |c 1995. | ||
| 300 | |a xiii, 153 p. : |b il. ; |c 24 cm. | ||
| 440 | 0 | |a London Mathematical Society student texts ; |v 29 | |
| 504 | |a Bibliografía: p 149. | ||
| 505 | 0 | |a Hello! -- 1. Basics -- 2. Modules -- 3. Noetherian rings -- 4. Finite extensions and Noether normalisation -- 5. The nullstellensatz and spec A -- 6. Rings of fractions S-1A and localisation -- 7. Primary decomposition -- 8. DVRs and normal integral domains -- 9. Goodbye! | |
| 510 | 4 | |a MR, |c 98c:13001 | |
| 020 | |a 0521452554 (hardback) | ||
| 020 | |a 0521458897 (pbk.) | ||
| 100 | 1 | |a Reid, Miles |q (Miles A.) | |
| 084 | |a 13-01 |2 msc2000 | ||
| 010 | |a 94027644 | ||
| 040 | |a DLC |c DLC |d DLC | ||
| 856 | 4 | 2 | |3 Publisher description |u http://www.loc.gov/catdir/description/cam026/94027644.html |
| 859 | |h 13 |i R353 |p A-8179 |b BIB. MATEMATICA | ||
